00425nam a2200121Ia 45000010005000000080041000050820020000461000065000662450112001312600018002439010027002619990015002881424241024s9999 xx 000 0 und d aRD/370.11/R426p aRepública Dominicana.Secretaría de Estado de Educación 0aPrograma de intervención psicosocial dentro del marco del plan de seguridad democrática (Barrio Seguro) bSanto Domingo a15/4/2011 9:32:44 a.m. c9275d9275